| 000 | 00704nam a22002417a 4500 | ||
|---|---|---|---|
| 003 | OSt | ||
| 005 | 20140310182147.0 | ||
| 008 | 130830t xxu||||| |||| 00| 0 eng d | ||
| 020 | _a1854103555 | ||
| 020 | _a9781854103550 | ||
| 050 |
_aTT 870 _b.P565 1998 |
||
| 082 |
_aHS 745.54 _bP54 1997 |
||
| 100 |
_aPhilo, Maggie _915610 |
||
| 245 |
_aVictorian decoupage : _bsource book with 10 projects / _cMaggie Philo ; photography by Debbie Patterson. |
||
| 260 |
_aLondon : _bAurum Press, _c1997. |
||
| 300 |
_bill. col. ; _c24 cm. |
||
| 650 |
_aDecoupage _915611 |
||
| 650 |
_aCut-out craft _915612 |
||
| 650 |
_aPrints, Victorian _915613 |
||
| 650 |
_aScrapbooks _915614 |
||
| 942 | _2lcc | ||
| 999 |
_c9955 _d9955 |
||